All European Overseas Territories - Statistics

General Stats
  • This quiz has been taken 146 times
  • The average score is 19 of 31
Answer Stats
Answer % Correct
Greenland
90%
Aruba
83%
Curaçao
81%
British Virgin Islands
77%
Falkland Islands
74%
French Polynesia
74%
Saint Martin
74%
Guadeloupe
71%
Martinique
70%
Bonaire
66%
Canary Islands
66%
Réunion
65%
Anguilla
64%
French Guiana
64%
Sint Maarten
63%
Bermuda
62%
Cayman Islands
60%
Montserrat
60%
New Caledonia
59%
Saint Helena, Ascension and Tristan da Cunha
59%
Ceuta
56%
Turks and Caicos Islands
56%
Mayotte
55%
Saint Barthélemy
54%
Melilla
50%
Pitcairn Islands
50%
Saba
38%
Wallis and Futuna
38%
Saint Pierre and Miquelon
36%
Sint Eustatius
35%
Akrotiri and Dhekelia
22%
No matching quizzes found
Score Distribution
Percent of People with Each Score
Percentile by Number Answered
Your Score History
You have not taken this quiz